Propuesta de Plan Nacional Plurianual del sector público 2010-2013 (Record no. 9740)
[ view plain ]
| 000 -LEADER | |
|---|---|
| campo de control de longitud fija | 00441nam a2200133Ia 4500 |
| 001 - NÚMERO DE CONTROL | |
| campo de control | 1091 |
| 008 - DATOS DE LONGITUD FIJA--INFORMACIÓN GENERAL | |
| campo de control de longitud fija | 241024s9999 xx 000 0 und d |
| 082 ## - NÚMERO DE LA CLASIFICACIÓN DECIMAL DEWEY | |
| Número de clasificación | RD/330.97293/R426p/2010-2013 |
| 100 ## - ENTRADA PRINCIPAL--NOMBRE DE PERSONA | |
| Nombre de persona | República Dominicana. Ministerio de Económia Planificación y Desarrollo |
| 245 #0 - MENCIÓN DEL TÍTULO | |
| Título | Propuesta de Plan Nacional Plurianual del sector público 2010-2013 |
| 260 ## - PUBLICACIÓN, DISTRIBUCIÓN, ETC. | |
| Nombre del editor, distribuidor, etc. | Santo Domingo |
| Fecha de publicación, distribución, etc. | 2010 |
| 901 ## - ELEMENTOS DE DATOS A LOCAL LDA (RLIN) | |
| a | 28/12/2010 11:17:53 a.m. |
No items available.